Holiday Quiz

Random Holiday or Halloween Quiz
Score 0/25 Timer 04:00
3 Plays Today
% Correct
Hallo
97.9%
trick-
97.6%
Frank
97.5%
Octo
97.1%
skele
96.9%
zom
96.9%
pump
96.8%
vam
96.6%
deco
96.5%
haun
96.4%
hor
96.4%
tomb
96.1%
gh
95.7%
% Correct
scare
95.7%
cos
95.1%
mon
94.9%
ceme
94.8%
bon
94.6%
wi
94%
Amity
93.3%
prin
92.5%
fai
91.8%
har
90.2%
Sam
76.1%
barm
71.4%

You're not logged in!

Compare scores with friends on all Sporcle quizzes.
OR
Log In

Sporcle TV

Today on Sporcle TV


Watch our educational content, quiz creation guides, and fun videos on Sporcle TV.

Show Comments

Extras

Top Quizzes Today


Score Distribution

Paid Content

Your Account Isn't Verified!

In order to create a playlist on Sporcle, you need to verify the email address you used during registration. Go to your Sporcle Settings to finish the process.

Report this User

Report this user for behavior that violates our Community Guidelines.

Details: